RISE OF THE AMERICAN BUSINESS CORPORATIO (Record no. 24402)

MARC details
000 -LEADER
fixed length control field 00349nam a2200133Ia 4500
008 - FIXED-LENGTH DATA ELEMENTS--GENERAL INFORMATION
fixed length control field 240624s9999 xx 000 0 und d
041 ## - LANGUAGE CODE
Language code of text/sound track or separate title eng
082 ## - DEWEY DECIMAL CLASSIFICATION NUMBER
Classification number 338.740973 TED
100 ## - MAIN ENTRY--PERSONAL NAME
Personal name TEDLOW RICHARD S
245 ## - TITLE STATEMENT
Title RISE OF THE AMERICAN BUSINESS CORPORATIO
260 ## - PUBLICATION, DISTRIBUTION, ETC.
Date of publication, distribution, etc. 2013
Place of publication, distribution, etc. Corporation
Name of publisher, distributor, etc. Taylor & Francis
300 ## - PHYSICAL DESCRIPTION
Extent 84 : p.
365 ## - TRADE PRICE
Currency code GBP
Price amount 30
Holdings
Withdrawn status Lost status Damaged status Not for loan Home library Current library Shelving location Date acquired Source of acquisition Cost, normal purchase price Full call number Barcode Date last seen Copy number Price effective from Koha item type
        IMTN IMTN Rack 13-A 07/23/2015 VBC 30.00 338.740973 TED 24402 06/24/2024 105.2 06/24/2024 Books
Designed & Maintained by: LRC IMT Nagpur Contact: lrc@imtnag.ac.in© 2024. All Rights Reserved.